Billie Eilish - What Was I Made For? Lyrics - Statistics

General Stats
  • This quiz has been taken 158 times
  • The average score is 147 of 167
Answer Stats
Answer % Correct
I
100%
a
99%
for
99%
for?
99%
made
99%
was
99%
What
99%
what
99%
to
97%
know
96%
but
95%
But
95%
don't
95%
I'm
95%
not
95%
feel
93%
how
93%
so
93%
When
93%
used
90%
float
89%
it
89%
my
89%
now
89%
boyfriend
88%
fall
88%
just
88%
Just
88%
sure
88%
the
86%
try
86%
wanna
86%
down
85%
tell
85%
'Cause
84%
'cause
84%
It's
84%
you
84%
All
82%
he's
82%
sad
82%
again
81%
did
79%
end?
79%
something
79%
Something
79%
enjoyment
78%
paid
78%
an
75%
real
74%
someday
74%
Someday
74%
be
73%
ha-ah
73%
Taking
73%
drive
71%
might
71%
alive
70%
ideal
70%
out
68%
Mm
67%
turns
67%
Looked
66%
happy
64%
can
62%
wait
60%
Think
59%
forgot
55%
Hm
55%
hm
55%
No matching quizzes found
Score Distribution
Percent of People with Each Score
Percentile by Number Answered
Your Score History
You have not taken this quiz